Инверсионная вольтамперометрия олова, сурьмы и свинца: автореферат диссертации на соискание ученой степени кандидата химических наук; спец. 02.00.02

Chi tiết về thư mục
Tác giả chính: Никулина И. Н. Ия Николаевна
Tác giả của công ty: Уральский государственный университет им. А. М. Горького (УрГУ)
Tác giả khác: Брайнина Х. З. (научный руководитель), Курбатова В. И.
Tóm tắt:Защита сост. 09.10.1975 г.
Ngôn ngữ:Tiếng Nga
Được phát hành: Свердловск, [Б. и.], 1975
Những chủ đề:
Định dạng: MixedMaterials Sách
KOHA link:https://koha.lib.tpu.ru/cgi-bin/koha/opac-detail.pl?biblionumber=340842

MARC

LEADER 00000nam0a2200000 4500
001 340842
005 20231102005301.0
035 |a (RuTPU)RU\TPU\book\367799 
090 |a 340842 
100 |a 20180409d1975 k y0rusy50 ca 
101 0 |a rus 
102 |a RU 
105 |a y dm 001zy 
200 1 |a Инверсионная вольтамперометрия олова, сурьмы и свинца  |e автореферат диссертации на соискание ученой степени кандидата химических наук  |e спец. 02.00.02  |f И. Н. Никулина  |g Уральский государственный университет им. А. М. Горького (УрГУ) ; науч. рук. Х. З. Брайнина ; В. И. Курбатова 
210 |a Свердловск  |c [Б. и.]  |d 1975 
215 |a 21 с. 
300 |a Защита сост. 09.10.1975 г. 
320 |a Библиогр.: с. 20-21 (10 назв.) 
606 1 |a Вольтамперометрия инверсионная  |2 stltpush  |3 (RuTPU)RU\TPU\subj\72717  |9 86121 
610 1 |a аналитическая химия 
610 1 |a олово 
610 1 |a сурьма 
610 1 |a свинец 
610 1 |a электродные процессы 
610 1 |a кинетика 
610 1 |a химические реакции 
610 1 |a электрорастворение 
610 1 |a металлы 
610 1 |a электроокисление 
610 1 |a авторефераты диссертаций 
610 1 |a библиотека А. Г. Стромберга 
675 |a 543.552(04)  |v 4 
686 |a 02.00.02  |2 oksvnk 
700 1 |a Никулина  |b И. Н.  |g Ия Николаевна 
702 1 |a Брайнина  |b Х. З.  |4 727 
702 1 |a Курбатова  |b В. И.  |4 727 
712 0 2 |a Уральский государственный университет им. А. М. Горького (УрГУ)  |c (Свердловск/Екатеринбург)  |c (1945-2011)  |2 stltpush  |3 (RuTPU)RU\TPU\col\962 
801 1 |a RU  |b 63413507  |c 20180409 
801 2 |a RU  |b 63413507  |c 20180424  |g RCR 
942 |c BK